Music Quiz

Random Music Quiz
Score 0/299 Timer 05:00
0 Plays Today
Lyric % Correct
the
97.7%
a
97.7%
a
97.7%
the
97.7%
the
97.7%
the
97.7%
the
97.7%
a
97.7%
the
97.7%
a
97.7%
a
97.7%
a
97.7%
the
97.7%
a
97.7%
a
97.7%
a
97.7%
a
97.7%
a
97.7%
the
97.7%
a
97.7%
the
97.7%
the
97.7%
a
97.7%
a
97.7%
a
97.7%
a
97.7%
in
97.2%
his
97.2%
he
97.2%
his
97.2%
He
97.2%
in
97.2%
his
97.2%
in
97.2%
he
97.2%
in
97.2%
his
97.2%
he
97.2%
He
97.2%
In
97.2%
in
97.2%
he
97.2%
his
97.2%
in
97.2%
his
97.2%
he
97.2%
he
97.2%
in
97.2%
his
97.2%
in
97.2%
his
97.2%
in
97.2%
his
97.2%
in
97.2%
his
97.2%
in
97.2%
his
97.2%
on
95.5%
on
95.5%
on
95.5%
on
95.5%
on
95.5%
on
95.5%
on
95.5%
juke
94.9%
juke
94.9%
Juke
94.9%
juke
94.9%
juke
94.9%
juke
94.9%
juke
94.9%
juke
94.9%
to
94.3%
to
94.3%
to
94.3%
to
94.3%
go.
94.3%
to
94.3%
box
94.3%
box
94.3%
box
94.3%
to
94.3%
to
94.3%
to
94.3%
box
94.3%
box
94.3%
box
94.3%
to
94.3%
box
94.3%
box
94.3%
with
92.6%
it
92.6%
one
92.6%
it,
92.6%
one
92.6%
one
92.6%
one
92.6%
one
92.6%
So
92.6%
it
92.6%
Lyric % Correct
one
92.6%
one
92.6%
With
92.6%
one
92.6%
one
92.6%
and
92%
And
92%
be
92%
hero,
92%
hero.
92%
hero,
92%
And
92%
And
92%
be
92%
hero,
92%
hero,
92%
hero,
92%
And
92%
be
92%
hero,
92%
hero.
92%
guitar,
90.9%
guitar,
90.9%
guitar,
90.9%
guitar,
90.9%
guitar,
90.9%
guitar,
90.9%
guitar,
90.9%
low.
90.3%
low.
90.3%
stars
89.2%
eyes,
89.2%
That
89.2%
that
89.2%
that
89.2%
that
89.2%
stars
89.2%
eyes.
89.2%
stars
89.2%
eyes.
89.2%
stars
89.2%
eyes.
89.2%
that
89.2%
that
89.2%
stars
89.2%
eyes.
89.2%
stars
89.2%
eyes.
89.2%
ticket,
88.6%
down
88.6%
ticket,
88.6%
was
86.9%
out
86.9%
of
86.9%
Was
86.9%
show.
86.4%
got
86.4%
got
86.4%
got
86.4%
got
86.4%
got
86.4%
sold
84.7%
could
84.7%
play
84.7%
rain,
84.1%
head
84.1%
rain.
84.1%
get
83.5%
but
83.5%
way
83.5%
way
83.5%
way
83.5%
rockin',
83.5%
rockin',
83.5%
rockin',
83.5%
rockin',
83.5%
rockin',
83.5%
rockin',
83.5%
just
83%
Just
83%
just
83%
just
83%
Just
83%
for
82.4%
how
81.8%
Standing
81.3%
stop.
81.3%
stop.
81.3%
stop.
81.3%
Heard
80.7%
heard
80.7%
gonna
80.7%
gonna
80.7%
Didn't
80.1%
Didn't
80.1%
crowd,
79.5%
know
79.5%
hands.
79.5%
keep
79.5%
keep
79.5%
Lyric % Correct
keep
79.5%
keep
79.5%
keep
79.5%
hung
79%
Couldn't
79%
string,
79%
six
79%
knew
78.4%
top.
78.4%
top.
78.4%
top.
78.4%
roar
77.8%
store.
77.3%
like
76.7%
sure.
76.7%
He's
76.7%
Like
76.7%
He's
76.7%
he's
76.7%
He's
76.7%
secondhand
76.1%
day.
75.6%
up
75.6%
never
75.6%
day
75.6%
wall,
73.9%
Bought
73.9%
scene.
73.3%
Put
73.3%
distant
73.3%
beat
73.3%
only
73.3%
put
73.3%
scream.
72.7%
him
72.2%
felt
72.2%
good
72.2%
Gotta
71.6%
Gotta
71.6%
gotta
71.6%
Gotta
71.6%
make
71%
ear
70.5%
very
70.5%
take
70.5%
picture
69.9%
next
69.9%
understand.
69.9%
away.
68.8%
long,
68.8%
started
67%
blew
65.9%
ain't
63.6%
shadow,
63.6%
has
61.9%
has
61.9%
own
61.4%
by
60.8%
backstage
60.8%
door.
60.8%
heavy
60.2%
boy
59.7%
boy
59.7%
Thought
59.1%
downpour.
56.3%
life
54.5%
can't
52.8%
can't
52.8%
Saw
52.3%
whole
52.3%
change.
51.1%
slung
50.6%
town
50.6%
without
50%
name,
50%
then
48.9%
past,
48.9%
made
48.3%
trip
47.2%
Now
46%
through
42.6%
someday
41.5%
stay
41.5%
Yeah,
41.5%
Yeah,
41.5%
stay
41.5%
he'll
40.9%
he'll
40.9%
passed
39.2%
needs
36.9%
tonight.
34.7%
tonight.
34.7%
come
34.1%
come
34.1%
come
34.1%
alive
33%
alive,
33%
alive
33%
took
28.4%
Remove Ads.
Support Sporcle.
Get the best of Sporcle when you Go Orange. This ad-free experience offers more features, more stats, and more fun while also helping to support Sporcle. Thank you for becoming a member.

You're not logged in!

Compare scores with friends on all Sporcle quizzes.
OR
Log In

Show Comments

Extras

Created Dec 17, 2018ReportNominate
Tags:Box, Hero

Top Quizzes Today


Score Distribution

Your Account Isn't Verified!

In order to create a playlist on Sporcle, you need to verify the email address you used during registration. Go to your Sporcle Settings to finish the process.

Report this User

Report this user for behavior that violates our Community Guidelines.

Details: